Online
Catalog

Rock art imagery of the Dominican Republic : (Record no. 35261)

MARC details
000 -CABECERA
campo de control de longitud fija 01829nam a2200265 a 4500
001 - NÚMERO DE CONTROL
campo de control 000035770
003 - IDENTIFICADOR DEL NÚMERO DE CONTROL
campo de control DO-SdBNP
005 - FECHA Y HORA DE LA ÚLTIMA TRANSACCIÓN
campo de control 20230418130044.0
007 - CAMPO FIJO DE DESCRIPCIÓN FÍSICA--INFORMACIÓN GENERAL
campo de control de longitud fija ta
008 - DATOS DE LONGITUD FIJA--INFORMACIÓN GENERAL
campo de control de longitud fija 111110s2011 dr ao 000 0 eng d
020 ## - NÚMERO INTERNACIONAL ESTÁNDAR DEL LIBRO
Número Internacional Estándar del Libro 9789945164343
040 ## - FUENTE DE LA CATALOGACIÓN
Centro catalogador/agencia de origen DO-SdBNP
Lengua de catalogación spa
Centro/agencia transcriptor BNPHU
082 #4 - NÚMERO DE LA CLASIFICACIÓN DECIMAL DEWEY
Número de documento/Ítem D983r
Número de edición 22
100 1# - ENTRADA PRINCIPAL--NOMBRE DE PERSONA
Nombre de persona DuVall, Daniel
9 (RLIN) 61715
245 10 - MENCIÓN DE TÍTULO
Título Rock art imagery of the Dominican Republic :
Resto del título an introduction /
Mención de responsabilidad, etc. Daniel DuVall.
260 ## - PUBLICACIÓN, DISTRIBUCIÓN, ETC.
Lugar de publicación, distribución, etc. Santo Domingo :
Nombre del editor, distribuidor, etc. Búho,
Fecha de publicación, distribución, etc. 2011.
300 ## - DESCRIPCIÓN FÍSICA
Extensión [24 p.]:
Otras características físicas il., color ;.
Dimensiones 28 cm
504 ## - NOTA DE BIBLIOGRAFÍA, ETC.
Nota de bibliografía, etc. Bibliografía : p. 25
520 ## - SUMARIO, ETC.
Sumario, etc. El arte rupestre que fue pintado, dibujado y esculpido por los taínos antes de la llegada de Colón en La Española es hermoso y peculiar, fascinante y misterioso, y ha sido poco estudiado o documentado. He pasado los últimos 8 años explorando cuevas conocidas y redescubriendo otras nuevas a fin de documentar esta forma de arte indígena. Toda la exploración y la fotografía se hizo con el permiso del gobierno dominicano, pero, el proyecto en su totalidad ha sido totalmente independiente. Se han publicado trabajos ocasionales en español. Hace poco se publicó un artículo titulado Fluting dedo y arte rupestre en Cumayasa, República Dominicana. Las imágenes de arte rupestre constituyen una celebración visual única en esta obras, profusamente ilustrada con 65 fotografías de pictografías y petroglifos de 17 cuevas diferentes. Es intensamente informativo, incluye una introducción, los subtítulos y una bibliografía extensa. Más información e imágenes en el sitio web http://www.danielduvall.com
590 ## - NOTA LOCAL (RLIN)
Nota local Inventariado, 2023/BT
650 24 - PUNTO DE ACCESO ADICIONAL DE MATERIA--TÉRMINO DE MATERIA
Término de materia o nombre geográfico como elemento de entrada Arte rupestre
Subdivisión geográfica Republica Dominicana
9 (RLIN) 61716
650 24 - PUNTO DE ACCESO ADICIONAL DE MATERIA--TÉRMINO DE MATERIA
Término de materia o nombre geográfico como elemento de entrada Cuevas
Subdivisión geográfica Republica Dominicana
9 (RLIN) 61717
650 24 - PUNTO DE ACCESO ADICIONAL DE MATERIA--TÉRMINO DE MATERIA
Término de materia o nombre geográfico como elemento de entrada Pintura en cuevas
Subdivisión geográfica Republica Dominciana
9 (RLIN) 61718
942 ## - ELEMENTOS DE PUNTO DE ACCESO ADICIONAL (KOHA)
Fuente del sistema de clasificación o colocación Dewey Decimal Classification
Tipo de ítem Koha Folleto
Holdings
Estado de retiro Estado de pérdida Fuente del sistema de clasificación o colocación Restricciones de uso No para préstamo Código de colección Localización permanente Ubicación/localización actual Ubicación en estantería Fecha de adquisición Fuente de adquisición Signatura topográfica completa Código de barras Fecha visto por última vez Número de copia Precio válido a partir de Tipo de ítem Koha
    Dewey Decimal Classification Préstamo en sala   Dominicana de Servicio Biblioteca Nacional Pedro Henríquez Ureña Biblioteca Nacional Pedro Henríquez Ureña En catalogación 20.04.2016 Depósito Legal BNPHU DS D983 35770-40 25.06.2020 e.4 25.06.2020 Folleto
    Dewey Decimal Classification Préstamo en sala   Dominicana de Servicio Biblioteca Nacional Pedro Henríquez Ureña Biblioteca Nacional Pedro Henríquez Ureña En catalogación 20.04.2016 Depósito Legal BNPHU DS D983 35770-50 25.06.2020 e.5 25.06.2020 Folleto
    Dewey Decimal Classification Excluido de préstamo   Patrimonio Dominicano Biblioteca Nacional Pedro Henríquez Ureña Biblioteca Nacional Pedro Henríquez Ureña En catalogación 10.11.2011 Depósito Legal BNPHU PD D983 35770-10 25.06.2020   25.06.2020 Folleto
    Dewey Decimal Classification Excluido de préstamo   Patrimonio Dominicano Biblioteca Nacional Pedro Henríquez Ureña Biblioteca Nacional Pedro Henríquez Ureña En catalogación 10.11.2011 Depósito Legal BNPHU PD D983 35770-20 25.06.2020 e.2 25.06.2020 Folleto
    Dewey Decimal Classification Préstamo en sala   Dominicana de Servicio Biblioteca Nacional Pedro Henríquez Ureña Biblioteca Nacional Pedro Henríquez Ureña En catalogación 09.11.2011 Depósito Legal BNPHU DS D983 35770-30 25.06.2020 e.3 25.06.2020 Folleto

Powered by Koha